| 000 | 01443nam a2200349Ia 4500 | ||
|---|---|---|---|
| 001 | ebr10281514 | ||
| 003 | CaPaEBR | ||
| 006 | m u | ||
| 007 | cr cn||||||||| | ||
| 008 | 081121s2009 nyua sb 001 0 eng d | ||
| 010 | _z 2008050931 | ||
| 020 | _z0826118356 (alk. paper) | ||
| 020 | _z9780826118356 (alk. paper) | ||
| 040 |
_aCaPaEBR _cCaPaEBR |
||
| 035 | _a(OCoLC)319180659 | ||
| 050 | 1 | 4 |
_aRT82.8 _b.C576 2009eb |
| 245 | 0 | 0 |
_aClinical nurse specialist toolkit _h[electronic resource] : _ba guide for the new clinical nurse specialist / _cMelanie Duffy, Susan Dresser, Janet S. Fulton, editors. |
| 260 |
_aNew York : _bSpringer Pub. Co., _cc2009. |
||
| 300 |
_axi, 178 p. : _bill. |
||
| 500 | _a"NACNS, National Association of Clinical Nurse Specialists." | ||
| 504 | _aIncludes bibliographical references and index. | ||
| 533 |
_aElectronic reproduction. _bPalo Alto, Calif. : _cebrary, _d2009. _nAvailable via World Wide Web. _nAccess may be limited to ebrary affiliated libraries. |
||
| 650 | 0 | _aNurse practitioners. | |
| 650 | 0 |
_aNursing _xPractice. |
|
| 655 | 7 |
_aElectronic books. _2local |
|
| 700 | 1 | _aDresser, Susan. | |
| 700 | 1 | _aDuffy, Melanie. | |
| 700 | 1 | _aFulton, Janet S. | |
| 710 | 2 | _aNational Association of Clinical Nurse Specialists. | |
| 710 | 2 | _aebrary, Inc. | |
| 856 | 4 | 0 |
_uhttp://site.ebrary.com/lib/rucke/Doc?id=10281514 _zAn electronic book accessible through the World Wide Web; click to view |
| 999 |
_c3502 _d3502 |
||